| 000 -CABECERA |
| fixed length control field |
00818nam a22002297a 4500 |
| 003 - IDENTIFICADOR DEL NÚMERO DE CONTROL |
| control field |
AR-CdUCM |
| 008 - DATOS DE LONGITUD FIJA--INFORMACIÓN GENERAL |
| fixed length control field |
190402b ||||| |||| 00| 0 spa d |
| 040 ## - FUENTE DE LA CATALOGACIÓN |
| Agencia/entidad que catalogó originalmente la obra |
MUNICIPALIDAD PROVINCIAL DEL CUSCO |
| Entidad que transcribió la catalogación |
BIBLIOTECA MUNICIPAL DEL CUSCO |
| 082 ## - NÚMERO DE LA CLASIFICACIÓN DECIMAL DEWEY |
| No. de Clasificación |
218 / |
| Notacion interna |
S56 / 1935 |
| 100 ## - ENTRADA PRINCIPAL--NOMBRE DE PERSONA |
| Nombre Personal |
Simmel, Jorge |
| 245 ## - MENCIÓN DE TÍTULO |
| Título |
El problema de la situación religiosa : |
| Resto del título |
la personalidad de Dios / |
| 260 ## - PUBLICACIÓN, DISTRIBUCIÓN, ETC. |
| Lugar de publicación, distribución, etc. |
Santiago de Chile : |
| Nombre de la editorial, distribuidor, etc. |
Cultura, |
| Fecha de publicación, distribución, etc. |
1935. |
| 300 ## - DESCRIPCIÓN FÍSICA |
| Nº de Páginas Extensión |
136 páginas ; |
| Dimensiones |
19 cm. |
| 440 ## - MENCIÓN DE SERIE/PUNTO DE ACCESO ADICIONAL--TÍTULO |
| Título |
Hombres e ideas ; |
| 9 (RLIN) |
27967 |
| 505 ## - NOTA DE CONTENIDO CON FORMATO |
| Nota de contenido formateada |
Contenido: El problema de la situación religiosa -- la personalidad de Dios -- Mirabeau o el político -- Kant. |
| 650 ## - PUNTO DE ACCESO ADICIONAL DE MATERIA--TÉRMINO DE MATERIA |
| Descriptor |
Religión |
| 9 (RLIN) |
1195 |
| 650 ## - PUNTO DE ACCESO ADICIONAL DE MATERIA--TÉRMINO DE MATERIA |
| Descriptor |
Dios |
| 9 (RLIN) |
1427 |
| 650 ## - PUNTO DE ACCESO ADICIONAL DE MATERIA--TÉRMINO DE MATERIA |
| Descriptor |
Apologética |
| 9 (RLIN) |
25705 |
| 700 ## - PUNTO DE ACCESO ADICIONAL--NOMBRE DE PERSONA |
| Nombre Personal |
Ortega y Gasset, José |
| 9 (RLIN) |
5772 |
| 942 ## - ELEMENTOS DE PUNTO DE ACCESO ADICIONAL (KOHA) |
| Fuente de clasificación |
|
| Tipo de item |
Libros-BMC |
| 945 ## - PROCESAMIENTO DE INFORMACIÓN LOCAL (OCLC) |
| Catalogador |
acv |